भारतीय कृषि (Record no. 14683)

MARC details
000 -LEADER
fixed length control field 01522nam a22003017a 4500
005 - DATE AND TIME OF LATEST TRANSACTION
control field 20080730155948.0
008 - FIXED-LENGTH DATA ELEMENTS--GENERAL INFORMATION
fixed length control field 080730t xxu||||| |||| 00| 0 hin d
010 ## - LIBRARY OF CONGRESS CONTROL NUMBER
LC control number HIN-83861
020 ## - INTERNATIONAL STANDARD BOOK NUMBER
International Standard Book Number 8122504000
Terms of availability 150.00
035 ## - SYSTEM CONTROL NUMBER
System control number HN-56207
037 ## - SOURCE OF ACQUISITION
Source of stock number/acquisition DBAD / PUB
040 ## - CATALOGING SOURCE
Original cataloging agency DPL
Language of cataloging HN
082 ## - DEWEY DECIMAL CLASSIFICATION NUMBER
Classification number 630.954
100 ## - MAIN ENTRY--PERSONAL NAME
Personal name त्रिपाठी, बद्री विशाल
245 ## - TITLE STATEMENT
Title भारतीय कृषि
Statement of responsibility, etc बद्री विशाल त्रिपाठी
Remainder of title (समस्यायें, विकास एवं संभावनायें) /
246 ## - VARYING FORM OF TITLE
Title proper/short title Bhartiya krishi
Remainder of title by Badri Vishal Tripathy
250 ## - EDITION STATEMENT
Edition statement 3रा संस्क.
260 ## - PUBLICATION, DISTRIBUTION, ETC. (IMPRINT)
Place of publication, distribution, etc इलाहाबाद
Name of publisher, distributor, etc किताब महल
Date of publication, distribution, etc 2006
270 ## - ADDRESS
Address 22-ए, सरोजनी नायडू मार्ग
City इलाहाबाद
Postal code 211001
Telephone number 2423466
300 ## - PHYSICAL DESCRIPTION
Extent ix, 455पृ.
Dimensions 22सेमी
500 ## - GENERAL NOTE
General note ग्रंथ-सूची संल्गन
650 ## - SUBJECT ADDED ENTRY--TOPICAL TERM
Topical term or geographic name as entry element कृषि
Geographic subdivision भारतीय
650 ## - SUBJECT ADDED ENTRY--TOPICAL TERM
Topical term or geographic name as entry element Agriculture
Geographic subdivision Indian
650 ## - SUBJECT ADDED ENTRY--TOPICAL TERM
Topical term or geographic name as entry element Lemon
942 ## - ADDED ENTRY ELEMENTS (KOHA)
Source of classification or shelving scheme Dewey Decimal Classification
Koha item type Hindi Books
Classification part 630.954
Call number suffix त्रिपाठी
Holdings
Withdrawn status Lost status Damaged status Not for loan Collection code Home library Current library Date acquired Source of acquisition Cost, normal purchase price Total Checkouts Full call number Barcode Date last seen Copy number Cost, replacement price Price effective from Koha item type
      Not For Loan Non-fiction D.B.Act.Division D.B.Act.Division 30/07/2008 DBAD / PUB 150.00   630.954 त्रिपाठी HN-56207 15/09/2008 1 150.00 15/09/2008 Hindi Books

© Delhi Public Library
Hit Counter
free hit counter